00441nam a2200157Ia 45000010006000000050017000060080041000230410008000640820015000721000036000872450107001232600009002303000028002396500008002676540008002751995020260306172730.0260306t2012||||xx |||||||||||||| ||spa|| aESP a341.7bS23 aSánchez-Bayón, AntonioeAUT 0aSistema de derecho comparado y global:bde las familias jurídicas mundiales al nuevo derecho común c2012 a161 páginas :c21 cm. aGEN aCDE